[Event "Pige NM A"]
[Site "Jetsmark"]
[Date "2011.04.09"]
[Round "3"]
[White "Hansen, Caroline Lindberg"]
[Black "Lindestrom, Amalie Heiring"]
[Result "0-1"]
[WhiteElo "1585"]
[BlackElo "1629"]
[PlyCount "82"]
[EventDate "2011.04.08"]
[EventType "swiss"]
[EventRounds "5"]
[EventCountry "DEN"]
[SourceTitle "EXT 2023"]
[Source "ChessBase"]
[SourceDate "2022.10.05"]
[SourceVersion "1"]
[SourceVersionDate "2022.10.05"]
[SourceQuality "1"]

1. e4 c5 2. Nc3 Nc6 3. f4 d6 4. Nf3 g6 5. Bc4 Bg7 6. d4 Nf6 7. 0-0 0-0 8. Qe1 a6 9. e5 Ne8 10. e6 Bxe6 11. Bxe6 fxe6 12. Qxe6+ Kh8 13. Ng5 Bxd4+ 14. Kh1 Qc8 15. Qe1 Nc7 16. Qh4 h5 17. h3 Ne6 18. g4 Nxg5 19. Qxg5 Qe6 20. f5 Qf6 21. Qh6+ Kg8 22. gxh5 gxf5 23. Qf4 Rf7 24. h6 Rh7 25. Nd5 Qg6 26. Bd2 Qh5 27. Qg3+ Kf7 28. Nf4 Qxh6 29. Qg2 Be5 30. Rf3 Nd4 31. Nd5 Qg7 32. Qxg7+ Bxg7 33. Rg3 Be5 34. Rg2 Rxh3+ 35. Kg1 Nf3+ 36. Kf1 Nxd2+ 37. Kf2 Nf3 38. Ne3 Bd4 39. Ke2 Bxe3 40. Kxe3 Nh4+ 41. Kf2 Nxg2 0-1